Varhanní skladby III

Main Author: Wiedermann, Bedřich Antonín, 1883-1951
Language: No linguistic content
Published: Praha : Český rozhlas, 2010
Edition: 1. vyd.
Subjects:
Physical Description: 1 partitura (54 s.) ; 30 cm
Language note: Životopis, poznámky k interpretaci česky a anglicky
Musical Score Musical Score
Saved in:
LEADER 02456ncm a2200661 a 4500
001 nkc20102150117
003 CZ PrNK
005 20240325125256.0
007 qu
008 101112s2010 xr muz g e nn zxx
015 |a cnb002150117 
024 2 |a 979-0-66061-165-4  |q (brož) 
028 2 1 |a R 201  |b Český rozhlas 
040 |a OLA001  |b cze 
041 0 |g cze  |g eng 
043 |a e-xr--- 
045 |a x-x- 
047 |a vr  |a zz 
048 |a kb01 
072 7 |a 786  |x Hudba pro klávesové nástroje  |2 Konspekt  |9 9 
080 |a 78.083  |2 MRF 
080 |a 78.083.2  |2 MRF 
080 |a 783.65  |2 MRF 
080 |a 785  |2 MRF 
080 |a 78.089.6  |2 MRF 
100 1 |a Wiedermann, Bedřich Antonín,  |d 1883-1951  |7 jk01151641  |4 cmp 
245 1 0 |a Varhanní skladby III  |h [hudebnina] /  |c Bedřich Antonín Wiedermann 
246 1 |i Souběžný obálkový název:  |a Organ compositions III 
246 3 3 |a Varhanní skladby 3 
250 |a 1. vyd. 
260 |a Praha :  |b Český rozhlas,  |c 2010 
300 |a 1 partitura (54 s.) ;  |c 30 cm 
382 0 1 |a varhany  |n 1  |s 1 
505 0 0 |t Variace a fuga na moravskou národní píseň z doby Napoleonovy --  |t Pastorela --  |t Ukolébavka --  |t Pastorella --  |t Adorace (canon) 
546 |a Životopis, poznámky k interpretaci česky a anglicky 
648 7 |a 20. století  |7 ch460558  |2 czenas 
650 0 7 |a drobné skladby  |7 ph321708  |2 czenas 
650 0 7 |a variace (hudba)  |7 ph218851  |2 czenas 
650 0 7 |a pastorely  |7 ph224412  |2 czenas 
650 0 7 |a instrumentální hudba  |7 ph121126  |z Česko  |y 20. století  |2 czenas 
650 0 9 |a variations  |2 eczenas 
650 0 9 |a small music pieces  |2 eczenas 
650 0 9 |a instrumental music  |z Czechia  |y 20th century  |2 eczenas 
655 7 |a drobné skladby  |7 fd980066  |2 czenas 
655 7 |a variace (hudba)  |7 fd993494  |2 czenas 
655 7 |a pastorely  |7 fd1024831  |2 czenas 
655 7 |a instrumentální hudba  |7 fd980013  |2 czenas 
655 7 |a partitury pro sólový nástroj  |7 fd201979  |2 czenas 
655 9 |a small music pieces  |2 eczenas 
655 9 |a instrumental music  |2 eczenas 
655 9 |a scores for solo instrument  |2 eczenas 
910 2 |a BOA001  |b Mus4-1200.029,3 
990 |a MU 
995 |a 01 
991 |b 201105  |c NOV 
925 |a varhany  |b Org 
996 6 |b 2610466544  |c Mus4-1200.029,3  |l MZK  |r Sklad / do 1 hodiny  |n 0  |p p.v.  |w 001180697  |u 000010  |a 1  |e BOA001  |j MZK50  |s P 
996 7 |b 2610479683  |c Mus4-1200.029,3  |l MZK  |r Sklad / do 1 hodiny  |n 0  |p kup  |w 001180697  |u 000020  |a 1  |e BOA001  |j MZK50  |s A